Statistiques concernant Bande Organisée - Couplet 1 : SCH

Cliquez ici pour prendre le quiz!

Statistiques générales

  • Ce quiz a été pris 295 fois
  • Le résultat moyen est 53 sur 103

Statistiques - réponses

% Correct
ma
100%
Oui,
99%
gatée,
97%
RS4
90%
bien
88%
sur
88%
raté
87%
gris
86%
m'ont
86%
qu'ils
86%
nardo,
85%
dans
74%
la
73%
pro'
70%
Contre-sens,
69%
Soleil
69%
chérie,
68%
le
68%
ma
68%
sur
68%
Shifter
67%
à
65%
contre-sens
65%
es
65%
tu
65%
Prado,
64%
bulle,
62%
ou
62%
quand
61%
étais
60%
tu
60%
euros
59%
j'mettais
59%
des
58%
d'essence ?
58%
Puta,
58%
sept
56%
Tu
56%
guerre ?
55%
la
55%
faire
54%
veux
54%
nous
52%
Ca
51%
gadji,
51%
prend
51%
ta
51%
ça
50%
ça
50%
CB
50%
prend
50%
ton
50%
Par
49%
prend
49%
ta
49%
Audi,
48%
Dieu,
48%
bippe,
47%
téléphone
47%
Le
46%
c'est
44%
la
44%
que
44%
tu
44%
bébé,
43%
C'est
43%
Marseille,
43%
prends
43%
B
40%
mère
40%
sa
40%
alors,
38%
ma
38%
tranquille
38%
Wesh
38%
ou
37%
quoi ?
37%
race,
37%
kew
36%
dans
35%
la
35%
CDD
33%
Grimpe
33%
tchop,
31%
à
30%
cent
30%
deux
30%
en
30%
j'fais
30%
zéro
30%
secondes
29%
trois
29%
Guitarisé,
28%
un
28%
AC/DC,
26%
oh
26%
on
24%
c'est
23%
oh,
23%
sur,
23%
s'croise,
22%
t'es
22%
tétanisé
21%

Distribution des résultats

Percentile par nombre de réponses

% des personnes avec chaque résultat

Votre développement - résultats

Vous n’avez pas pris ce quiz